| 000 | 00543nam a22001937a 4500 | ||
|---|---|---|---|
| 003 | OSt | ||
| 008 | 250320b2009 |||||||| |||| 00| 0 eng d | ||
| 020 | _a9780670082957 | ||
| 082 |
_a174.4 _bBAG-P |
||
| 100 | _aBagchi, Subroto | ||
| 245 |
_aThe professional / _cSubroto Bagchi. |
||
| 260 |
_aNew York : _bPenguin Portfolio, _c2009 |
||
| 300 | _axxi, 217 p. ; | ||
| 650 | _aProfessional ethics | ||
| 650 | _aWorkplace integrity | ||
| 650 | _aLeadership and responsibility | ||
| 650 | _aDecision-making and accountability | ||
| 942 |
_2ddc _cBK |
||
| 999 |
_c21311 _d21311 |
||